000 00494nam a2200169Ia 4500
005 20250923145831.0
008 008 250917s9999 xx 000 0 eng d
037 _aTextual
040 _aDSWL
_beng
_cDSWL
041 _aeng
_2eng
084 _aY11:5.2, N90
_qDSWL
245 0 _aStatistics on children in India, Pocket Book, 1990
_c by N.I.P.C.C.D.
260 _aNew Delhi
_b N.I.P.C.C.D.
_c1990
300 _a161p.
942 _cTEXL
_hY11:5.2, N90
999 _c1456266
_d1456266